000 00679nam a2200277Ia 4500
005 20260324115927.0
008 008 260324s9999 xx 000 0 eng d
020 _a9781315366128
037 _aEBOOK
040 _aCRL
040 _beng
040 _cCRL
041 _2eng
041 _aeng
084 _qCRL
100 _aHeidi Schnackenberg; Beverly Burnell
_91156539
245 0 _aBest Practices for Education Professionals, Volume Two
260 _bTaylor and Francis
260 _c2016
365 _a
365 _b235
856 _uhttp://www.taylorfrancis.com/books/9781315366128
942 _cEBOOK
999 _c1747787
_d1747787